00432nam a2200157Ia 45000010006000000050017000060080041000230410008000640820018000721000031000902450100001212600009002213000028002306500008002586540008002661948020260306172656.0260306t2023||||xx |||||||||||||| ||spa|| aESP a340bP53 V. 1 aPicó i Junoy, Joan,eAUT 0aEstudios sobre el proceso y la justicia :bprincipios del proceso y formación de los abogados c2023 a676 páginas :c24 cm. aGEN aCDE